Normal view
MARC view
- Abdelouahed, Houriya,
Entry Personal Name
001 - CONTROL NUMBER
- control field: 44180
003 - CONTROL NUMBER IDENTIFIER
- control field: OSt
005 - DATE AND TIME OF LATEST TRANSACTION
- control field: 20220301152757.0
008 - FIXED-LENGTH DATA ELEMENTS
- fixed length control field: 220301|| aca||aabn | a|a d
040 ## - CATALOGING SOURCE
- Original cataloging agency: OSt
- Transcribing agency: OSt
100 ## - HEADING--PERSONAL NAME
- Personal name: Abdelouahed, Houriya,
- Relator term: interviewer.
670 ## - SOURCE DATA FOUND
- Source citation: Work cat.: (OSt)0: Adūnīs, 1930- interviewee. 44174, Prophecy and power :, ©2019
